Southville International School and Colleges
Your cart is empty.
  • Cart
  • Lists
    Public lists Eva Luna New books Lux_list list_1
    Your lists Log in to create your own lists
  • Log in to your account
  • Your cookies
  • Search history
Southville International School and Colleges
  • Advanced search
  • Recent comments
  • Most popular
  • Libraries

Log in to your account

Log in with GOOGLE


If you do not have an external account, but do have a local account, you can still log in:

  1. Home
  2. MARC view: 40 digital photography techniques /
Normal view MARC view ISBD view

40 digital photography techniques / (Record no. 39359)

[ view plain ]
MARC details
000 -LEADER
fixed length control field 00556nam a2200193 a 4500
005 - DATE AND TIME OF LATEST TRANSACTION
control field 20140311163009.0
008 - FIXED-LENGTH DATA ELEMENTS--GENERAL INFORMATION
fixed length control field 051010s19uu xx 00 eng d
020 ## - INTERNATIONAL STANDARD BOOK NUMBER
International Standard Book Number 8931435010
050 ## - LIBRARY OF CONGRESS CALL NUMBER
Classification number TR 267.5
Item number .L449 2003
100 ## - MAIN ENTRY--PERSONAL NAME
Personal name Zack, Lee
245 ## - TITLE STATEMENT
Title 40 digital photography techniques /
Statement of responsibility, etc Lee Zack.
260 ## - PUBLICATION, DISTRIBUTION, ETC. (IMPRINT)
Place of publication, distribution, etc Seoul, Korea :
Name of publisher, distributor, etc Youngjin.com, Inc,
Date of publication, distribution, etc 2003.
300 ## - PHYSICAL DESCRIPTION
Extent 196 p. ;
Dimensions 18 cm.
521 ## - TARGET AUDIENCE NOTE
Target audience note
650 ## - SUBJECT ADDED ENTRY--TOPICAL TERM
Topical term or geographic name as entry element Photography
General subdivision Digital techniques.
650 ## - SUBJECT ADDED ENTRY--TOPICAL TERM
Topical term or geographic name as entry element Image processing
General subdivision Digital techniques.
942 ## - ADDED ENTRY ELEMENTS (KOHA)
Koha item type Books
Source of classification or shelving scheme Library of Congress Classification
Call number prefix Foreign
Holdings
Withdrawn status Lost status Source of classification or shelving scheme Damaged status Home library Current library Shelving location Date acquired Total Checkouts Full call number Barcode Date last seen Copy number Price effective from Koha item type
    Library of Congress Classification   College Library College Library General Circulation Section 01/10/2014   TR 267.5 .L449 2003 C6269 05/15/2018 1 01/10/2014 Books

40 digital photography techniques /

APA

Zack L., . (2003). 40 digital photography techniques. Seoul, Korea: Youngjin.com, Inc.

Chicago

Zack Lee, . 2003. 40 digital photography techniques. Seoul, Korea: Youngjin.com, Inc.

Harvard

Zack L., . (2003). 40 digital photography techniques. Seoul, Korea: Youngjin.com, Inc.

MLA

Zack Lee, . 40 digital photography techniques. Seoul, Korea: Youngjin.com, Inc. 2003.

  • Place hold
  • Print
  • Cite
  • Add to your cart (remove)
  • Save record
    BIBTEX Dublin Core MARCXML MARC (non-Unicode/MARC-8) MARC (Unicode/UTF-8) MARC (Unicode/UTF-8, Standard) MODS (XML) RIS
  • More searches
    Search for this title in:
    Other Libraries (WorldCat) Other Databases (Google Scholar) Online Stores (Bookfinder.com) Open Library (openlibrary.org)

Exporting to Dublin Core...

SOUTHVILLE LIBRARY

Southville International School and Colleges Library

1281 Tropical Ave. Cor. Luxembourg St., BF Homes International, Las Pinas City

Tel. No. 8256374 / 252358 Loc. 117/146

Powered by Koha